000 00523nam a2200217Ia 4500
001 17572
003 AR-BaAGN
005 20231116141621.0
007 ta
008 211213s1931 ag |||||||||||||| ||spa d
040 _dAR-BaAGN
_aAR-BaAGN
_bspa
_eaacr
100 _aOnelli, Clemente
245 1 0 _aConferencias
260 _aBuenos Aires :
_bCírculo Militar,
_c1931.
300 _a216 páginas
336 _2rdacontent
_btxt
337 _2rdamedia
_bn
338 _2rdacarrier
_bnc
942 _cLIBRO
999 _c17572
_d17572